000
00321nam a22001337a 4500
999
_c
161466
_d
161466
020
_a
082
_a
_b
100
_a
Prabhakar Shetriya
245
_a
Meghdoot:
_b
ek antaryatra/
_c
by Prabhakar Shetriya.
260
_a
New Delhi:
_b
Radhakrishan Prakashan,
_c
2005.
300
_a
111p.
650
_a
942
_c
BK